000 00778nam a2200229Ia 4500
003 OSt
005 20250721145506.0
008 220923b |||||||| |||| 00| 0 eng d
037 _cReference
040 _aRTL
_cRTL
_beng
041 _2eng
_aeng
084 _aB2892 K5/SC
_qRTL
100 _aIssacs, Rufus
_9318575
245 0 _aDifferential game: A mathematical theory with applications to warfare and pursuit control and optimization
_b
260 _aNew York
_bJohn Wiley & Sons Inc.
_c1965
300 _axxii, 384 p.
_bIncludes bibliographical reference and index
650 _aMathematical theory
_9812651
650 _aArtificial intelligence
658 _aB2892 K5/SC
_cRTL
942 _hB2892 K5/SC
_cREF
_2CC
_n0
999 _c626774
_d626774